Hướng dẫn thực hành kế toán thương mại và dịch vụ

Đã lưu trong:
Sonraí Bibleagrafaíochta
Príomhúdar: Hà, Xuân Thạch
Formáid: Leabhar
Teanga:Undetermined
Foilsithe: H. Thống Kê 2002
Ábhair:
Clibeanna: Cuir Clib Leis
Gan Chlibeanna, Bí ar an gcéad duine leis an taifead seo a chlibeáil!
Thư viện lưu trữ: Trung tâm Học liệu Trường Đại học Cần Thơ
LEADER 00542nam a2200193Ia 4500
001 CTU_54210
008 210402s9999 xx 000 0 und d
020 |b 58000 
082 |a 657.8 
082 |b Th102 
100 |a Hà, Xuân Thạch 
245 0 |a Hướng dẫn thực hành kế toán thương mại và dịch vụ 
245 0 |c Hà Xuân Thạch 
260 |a H. 
260 |b Thống Kê 
260 |c 2002 
650 |a accounting 
904 |i Minh 
980 |a Trung tâm Học liệu Trường Đại học Cần Thơ